One Direction Lyrics Quiz: What Makes You Beautiful - Statistics

General Stats
  • This quiz has been taken 50 times
  • The average score is 16 of 17
Answer Stats
Lyrics % Correct
You're {insecure}, don't know what for
100%
Don't need {makeup} to cover up
98%
You're turning heads when you {walk} {through} {the} {door}
98%
Everyone else, but {you}
96%
Everyone else in the room can {see} {it}
96%
That's {what} {makes} {you} {beautiful}
96%
Baby, you {light} {up} {my} {world} like nobody else
93%
Being the way that you are is {enough}
93%
You {don't} {know}, oh-oh
93%
You {don't} {know}, oh-oh
93%
Right now I'm lookin' at you, and {I} {can't} {believe}
91%
But when you {smile} {at} {the} {ground}, it ain't hard to tell
89%
If only you saw {what} {I} {can} {see}
89%
The way that you {flip} {your} {hair} gets me overwhelmed
89%
You {don't} {know} {you're} {beautiful}
87%
You {don't} {know} {you're} {beautiful} oh, oh-oh
87%
You'll understand why I want you so {desperately}
87%
No matching quizzes found
Score Distribution
Percent of People with Each Score
Percentile by Number Answered
Your Score History
You have not taken this quiz